Представление документа в формате MARC21

ПолеНазваниеЗначение
  Тип записи a
  Библиографический уровень m
001 Контрольный номер RU\infra-m\znanium\bibl\967683
005 Дата корректировки 20230313235208.1
008 Кодируемые данные 200410s2018 RU g rus u
020 Индекс ISBN __
a ISBN 978-5-906783-33-2
040 Источник каталогиз. __
a Служба первич. каталог. Общество с ограниченной ответственностью «ЗНАНИУМ»
041 Код языка издания __
a Код языка текста rus
044 Код страны публикации __
a Код страны публикации RU
080 Индекс УДК __
a Индекс УДК 338
084 Индекс другой классификации/Индекс ББК __
2 Источник индекса rubbk
a Индекс другой классификации/Индекс ББК 6529
084 Индекс другой классификации/Индекс ББК __
2 Источник индекса okso
a Индекс другой классификации/Индекс ББК 38.03.01
084 Индекс другой классификации/Индекс ББК __
2 Источник индекса okso
a Индекс другой классификации/Индекс ББК 38.03.02
084 Индекс другой классификации/Индекс ББК __
2 Источник индекса okso
a Индекс другой классификации/Индекс ББК 38.00.00
245 Заглавие __
a Заглавие Экономика инноваций
b Продолж. заглавия Учебно-методическая литература
c Ответственность Московский государственный университет им. М.В. Ломоносова, экономический факультет
250 Сведения об издании __
a Основные сведения об издании 1
260 Выходные данные __
a Место издания Москва
b Издательство Экономический факультет МГУ
c Дата издания 2016
300 Физическое описание __
a Объем 81 с.
520 Аннотация __
a Аннотация Учебное пособие предназначено для студентов 4 курса направления «Экономика» предоставляет лекционный материал для проведения семинарских и самостоятельных работ по дисциплине по выбору «Экономика инноваций» согласно годовому учебному плану направления «Экономика».
521 Примеч. о цел. назн. __
a Примеч. о целев. назн. ВО - Бакалавриат
650 Тематические рубрики __
a Основная рубрика Экономика. Бухгалтерский учет. Финансы
x Основная подрубрика Экономика предприятия (фирмы)
856 Электронный адрес документа 4_
a Имя сервера/домена znanium.com
m Помощь ebs_support@infra-m.ru
n Местонахождение сервера НИЦ ИНФРА-М
u URL https://znanium.com/catalog/document?id=328548
856 Электронный адрес документа 41
a Имя сервера/домена znanium.com
d Путь /cover/0967
f Электронное имя 967683.jpg
q Тип электронного формата image/jpeg
u URL https://znanium.com/cover/0967/967683.jpg
911 __
u 0030=https://znanium.com/catalog/document?id=328548
911 __
u 608a=Учебно-методическая литература
u 6082=local
911 __
u 9036=83
911 __
u 951p=s://znanium.com/catalog/document?id=328548&pid=